Fiefs and vassals : the medieval evidence reinterpreted
Αποθηκεύτηκε σε:
| Κύριος συγγραφέας: | |
|---|---|
| Μορφή: | Βιβλίο |
| Γλώσσα: | English |
| Δημοσίευση: |
Oxford :
Clarendon Press,
1995
|
| Θέματα: | |
| Ετικέτες: |
Προσθήκη ετικέτας
Δεν υπάρχουν, Καταχωρήστε ετικέτα πρώτοι!
|
MARC
| LEADER | 00000cam a2200000 i 4500 | ||
|---|---|---|---|
| 001 | 1/85199 | ||
| 008 | 990630s eng d | ||
| 020 | |a 0-19-820648-8 | ||
| 035 | |l 10051784 | ||
| 040 | |a GR-MY-UA |b gre |e aacr | ||
| 041 | 0 | |a eng | |
| 082 | 0 | |a 940.1 | |
| 100 | 1 | |a Reynolds, Susan, |d 1929- | |
| 245 | 1 | 0 | |a Fiefs and vassals : |b the medieval evidence reinterpreted / |c Susan Reynolds |
| 260 | |a Oxford : |b Clarendon Press, |c 1995 | ||
| 300 | |a 544 p. | ||
| 504 | |a Includes index | ||
| 650 | 0 | 0 | |a Middle Ages |x History. |
| 650 | 0 | 0 | |a Feudalism. |
| 852 | |a INST |b LESVOS |e 19990630 |h 940.1 REY |p 005100015926 |q 005100015926 |t BK |y 0 | ||
| 901 | |a BIBL1-1999-2 | ||
| 909 | |a Λ |b 066267 | ||
| 970 | |a ΚΑΜΑΤΣΟΥ |b ΔΕΣΠΟΙΝΑ |z 1999/06/30 | ||